000 00909nam a2200253Ia 4500
003 OSt
005 20220923211227.0
006 a|||||r|||| 00| 0
007 ta
008 220922b |||||||| |||| 00| 0 hin d
020 _a9788170558492 (hbk)
_c300
024 _a241,597
037 _b445, 18/02/2010, Vani Prakashan
_cTextual
040 _aARTS
_cARTS
_bhin
041 _2hin
_ahin
082 _aY:1.2, 152P8
100 _aशंभुनाथ
_9156280
245 0 _aसभ्यता से संवाद
_b भारत को फिर से खोजते हुए
246 _aSabhyatā se sanvāda: bhārat ko fir se khojate hue
260 _aनयी दिल्ली
_b वाणी प्रकाशन
_c2008
300 _a222पृ.
_ccm.
942 _hY:1.2, 152P8
_cTEXL
_2CC
999 _c297250
_d297250